Crash course chinese : (Record no. 291496)
[ view plain ]
| 000 -LEADER | |
|---|---|
| fixed length control field | 00485nam a22001697a 4500 |
| 003 - CONTROL NUMBER IDENTIFIER | |
| control field | SISC |
| 005 - DATE AND TIME OF LATEST TRANSACTION | |
| control field | 20160309152526.0 |
| 008 - FIXED-LENGTH DATA ELEMENTS--GENERAL INFORMATION | |
| fixed length control field | 160309b xxu||||| |||| 00| 0 eng d |
| 100 ## - MAIN ENTRY--PERSONAL NAME | |
| Personal name | Li, Celine |
| 245 ## - TITLE STATEMENT | |
| Title | Crash course chinese : |
| Remainder of title | learn practical, everyday chinese fast with a native speaker |
| Statement of responsibility, etc | Celine Li |
| 260 ## - PUBLICATION, DISTRIBUTION, ETC. (IMPRINT) | |
| Place of publication, distribution, etc | USA |
| Name of publisher, distributor, etc | Polyglot Language guides |
| Date of publication, distribution, etc | 2015 |
| 300 ## - PHYSICAL DESCRIPTION | |
| Extent | 99 p. |
| 600 ## - SUBJECT ADDED ENTRY--PERSONAL NAME | |
| Personal name | Grammar--Chinese |
| 600 ## - SUBJECT ADDED ENTRY--PERSONAL NAME | |
| Personal name | Chinese language-- China |
| 630 ## - SUBJECT ADDED ENTRY--UNIFORM TITLE | |
| Uniform title | |
| 942 ## - ADDED ENTRY ELEMENTS (KOHA) | |
| Source of classification or shelving scheme | Library of Congress Classification |
| Koha item type | Books |
| Withdrawn status | Lost status | Source of classification or shelving scheme | Damaged status | Home library | Current library | Shelving location | Date acquired | Source of acquisition | Sub Shelving location | Total Checkouts | Full call number | Barcode | Date last seen | Date checked out | Price effective from | Koha item type |
|---|---|---|---|---|---|---|---|---|---|---|---|---|---|---|---|---|
| Library of Congress Classification | College Library | College Library | Reserve Section | 03/09/2016 | Library Fund | 1 | PL 1128c .L693 2015 | c20458 | 02/26/2020 | 02/07/2020 | 03/09/2016 | Books |